Statystyki dla Wpisz osiem stolic

Kliknij tutaj aby rozwiązać quiz!

Ogólne statystyki

  • Ten quiz został rozwiązany 531 razy
  • Średni wynik to 7 z 8

Statystyki odpowiedzi

PaństwoStolica% Poprawnych
PolskaWarszawa
97%
NiemcyBerlin
96%
CzechyPraga
94%
RosjaMoskwa
93%
BiałoruśMińsk
89%
UkrainaKijów
87%
LitwaWilno
85%
SłowacjaBratysława
74%

Rozkład punktacji

Percentyl według liczby udzielonych odpowiedzi

Procent ludzi z każdym wynikiem

Twoja historia wyników

Nie rozwiązałeś tego quizu